| 000 | 00523nam a2200169 a 4500 | ||
|---|---|---|---|
| 001 | 000034892 | ||
| 005 | 20200930073952.0 | ||
| 008 | 111021s1965 mx 000 0 spa d | ||
| 040 |
_aDO-SdBNP _bspa _cBNPHU |
||
| 082 |
_axxxx _bE85m |
||
| 100 | 1 |
_aEttinghausen, Richard _960451 |
|
| 245 | 1 | 0 |
_aMiniaturas turcas / _cTextos de Richard Ettinghausen. |
| 260 |
_aMexico : _bHermes, _c1965. |
||
| 300 |
_a28 p. : _bil. ; _c17 cm. |
||
| 590 | _aPerteneció a la biblioteca personal de Juan Isidro Jimenes Grullón | ||
| 049 | _aBNPD | ||
| 999 |
_c34383 _d34383 |
||